000 01244nam a22001937a 4500
999 _c56923
_d56923
003 Ge_BSU
005 20190621172741.0
008 190621b1979 ge ||||| |||| 00| 0 geo d
041 _ageo
080 _a621.3 (076.1) მ-50
245 _aმეთოდური მითითებები საკონტროლო დავალებები და მათი ამოხსნის ნიმუშები ელექტროტექნიკის თეორიულ საფუძვლებში :
_bელექტროტექნიკური სპეციალობის სტუდენტებისათვის /
_cშემდგ : გ.კოხრეიძე ; რედ : მ. ძიძიგური.
264 _aთბილისი :
_bსპი,
_c1979.
300 _a68 გვ.:
_bცხრ ;
_c19 სმ.
653 _aელექტროტექნიკის თეორიული საფუძვლები
653 _aმეთოდური მითითებები
700 _aკოხრეიძე , გ
_eშემდგენელი
_92750
700 _aძიძიგური, მ.
_eრედაქტორი
_9472
942 _2udc
_cBK